000 00794cam a2200241 4500
001 6041
090 _a6041
100 _a20211231d1988 c||y0pory5003 ba
200 1 _aA grande corrida
_fGreta Landen
_gil. Angela Mills
_gtrad. Ricardo Alberty
_gconcepção de Angela e Pat Mills
210 9 _a[Lisboa]
_cRadiotelevisão Comercial
_cPublica,
_dimp. 1988
215 _a[20] p.
_cmuito il.
_d19x20 cm
225 2 _aOs meninos borboletas
_v3
606 _914
_aLiteratura infantil
606 _913
_aLiteratura Estrangeira
675 _a82-93
_vBN
_zpor
675 _a821.1/.8
_vBN
_zpor
700 _aLanden
_bGreta
_95733
702 _aMils
_bAngela
_95734
702 _aMills
_bPat
_95735
702 _aAlberty
_bRicardo
_f1919-1992
_91668
801 0 _aPT
_bBMVN
_gRPC
830 _cAna Caetano
_d31/12/2021
990 _cLIVROS